000 00306nam a22001457a 4500
008 221019b ||||| |||| 00| 0 eng d
020 _a5810301
041 _aeng
080 _a617
082 _a617 FOS
100 _a12
101 _aVAS
245 _aCOMPARATIVE MORPHOLOGY
_cFOSTER
942 _2udc
_cBK
999 _c58611
_d58611